Online
Catalog

Apuntes para la historia del abastecimiento de agua potable y alcantarillado en la República Dominicana / (Record no. 49492)

MARC details
000 -CABECERA
campo de control de longitud fija 02110nam a22003017a 4500
003 - IDENTIFICADOR DEL NÚMERO DE CONTROL
campo de control DO-SdBNP
005 - FECHA Y HORA DE LA ÚLTIMA TRANSACCIÓN
campo de control 20250521125404.0
007 - CAMPO FIJO DE DESCRIPCIÓN FÍSICA--INFORMACIÓN GENERAL
campo de control de longitud fija ta
008 - DATOS DE LONGITUD FIJA--INFORMACIÓN GENERAL
campo de control de longitud fija 210304b 2020 dr a00| 0 eng d
020 ## - NÚMERO INTERNACIONAL ESTÁNDAR DEL LIBRO
Número Internacional Estándar del Libro 9789945618136
040 ## - FUENTE DE LA CATALOGACIÓN
Centro catalogador/agencia de origen DO-SdBNP
Lengua de catalogación spa
Centro/agencia transcriptor BNPHU
041 ## - CÓDIGO DE LENGUA
Código de lengua original spa
082 #4 - NÚMERO DE LA CLASIFICACIÓN DECIMAL DEWEY
Número de clasificación 363.61
Número de documento/Ítem R696a
Número de edición 22
100 1# - ENTRADA PRINCIPAL--NOMBRE DE PERSONA
Nombre de persona Rodríguez Sánchez, Marco Octavio,
Fechas asociadas al nombre 1938-
9 (RLIN) 78003
245 10 - MENCIÓN DE TÍTULO
Título Apuntes para la historia del abastecimiento de agua potable y alcantarillado en la República Dominicana /
Mención de responsabilidad, etc. Marco Octavio Rodríguez Sánchez ; coordinación de la edición: Mercedes García Marín, Gregorio Morillo Rodríguez y Xiomara P. Peralta Aquino.
260 ## - PUBLICACIÓN, DISTRIBUCIÓN, ETC.
Lugar de publicación, distribución, etc. Santo Domingo :
Nombre del editor, distribuidor, etc. Amigo del Hogar,
Fecha de publicación, distribución, etc. 2020.
300 ## - DESCRIPCIÓN FÍSICA
Extensión 503 p. :
Otras características físicas il., retrs. ;
Dimensiones 27 cm.
500 ## - NOTA GENERAL
Nota general Incluye datos biográficos del autor en la solapa de la cubierta.
504 ## - NOTA DE BIBLIOGRAFÍA, ETC.
Nota de bibliografía, etc. Bibliografía : p. 499-503
505 0# - NOTA DE CONTENIDO CON FORMATO
Nota de contenido con formato El autor, visto por el mismo, 13.-- Reconocimientos, 17.-- Prefacio, 21.-- I. Apuntes para la historia del abastecimiento de agua potable y alcantarillado en la República Dominicana, 25.-- II. Desde el descubrimiento hasta la primera mitad del siglo XVI, 29.-- III. Siglos XVI (segunda mitad), XVII, XVIII, XIX, 63.-- IV. Siglo XX: 1900-1944, 83.-- V. Siglo XX: 1945-1953, 165.-- VI. Siglo XX: 1954-1960, 193.-- VII. Siglo XX: 1961-1966, 213.-- VIII. Siglo XX: 1967-1978, 247.-- IX. Siglo XX: 1979-1986, 307.-- X. Siglo XX: 1987-1996, 357.-- XI. Siglo XX: 1997-2000, 401.-- XII. Siglo XXI: 2001-2004, 421.-- XIII. Situación actual: evaluación de cobertura de los servicios de APS, 441.-- XIV. Diagnóstico sectorial, 447.-- XV. Antecedentes de la reforma del sector APS y eventos principales, 463.
590 ## - NOTA LOCAL (RLIN)
Nota local Inventariado, 2021 /LP<br/><br/>
650 #0 - PUNTO DE ACCESO ADICIONAL DE MATERIA--TÉRMINO DE MATERIA
Término de materia o nombre geográfico como elemento de entrada Abastecimiento de agua
Subdivisión geográfica República Dominicana
9 (RLIN) 11680
Fuente del encabezamiento o término LEMB
700 1# - PUNTO DE ACCESO ADICIONAL--NOMBRE DE PERSONA
Nombre de persona García Marín, Mercedes,
Término indicativo de función/relación coordinación de la edición
9 (RLIN) 36777
700 1# - PUNTO DE ACCESO ADICIONAL--NOMBRE DE PERSONA
Nombre de persona Morillo Rodríguez, Gregorio,
Término indicativo de función/relación coordinación de la edición
9 (RLIN) 78004
700 1# - PUNTO DE ACCESO ADICIONAL--NOMBRE DE PERSONA
Nombre de persona Peralta Aquino, Xiomara P.,
Término indicativo de función/relación coordinación de la edición
9 (RLIN) 78005
910 ## - DATOS DE OPCIÓN DEL USUARIO (OCLC)
Datos de opción del usuario Validado. Control de calidad. MAA
942 ## - ELEMENTOS DE PUNTO DE ACCESO ADICIONAL (KOHA)
Fuente del sistema de clasificación o colocación Dewey Decimal Classification
Tipo de ítem Koha Libro
Holdings
Estado de retiro Estado de pérdida Fuente del sistema de clasificación o colocación Restricciones de uso No para préstamo Código de colección Localización permanente Ubicación/localización actual Ubicación en estantería Fecha de adquisición Fuente de adquisición Total de préstamos Signatura topográfica completa Código de barras Fecha visto por última vez Precio válido a partir de Tipo de ítem Koha Número de copia
    Dewey Decimal Classification Préstamo en sala   Dominicana de Servicio Biblioteca Nacional Pedro Henríquez Ureña General Depósito 04.03.2021 Depósito Legal   BNPHU DS 363.61 R696a 2021-0580 04.03.2021 04.03.2021 Libro y Folleto Colección Dominicana de Servicio e.3
    Dewey Decimal Classification Excluido de préstamo Excluido de préstamo Patrimonio Dominicano Biblioteca Nacional Pedro Henríquez Ureña Patrimonio Dominicano Depósito 04.03.2021 Depósito Legal   BNPHU PD 363.61 R696a 2021-0578 04.03.2021 04.03.2021 Libro y Folleto Colección Patrimonio Dominicano  
    Dewey Decimal Classification Excluido de préstamo Excluido de préstamo Patrimonio Dominicano Biblioteca Nacional Pedro Henríquez Ureña Patrimonio Dominicano Depósito 04.03.2021 Depósito Legal   BNPHU PD 363.61 R696a 2021-0579 04.03.2021 04.03.2021 Libro y Folleto Colección Patrimonio Dominicano e.2

Powered by Koha